000 00530nam a22001817a 4500
005 20251108165411.0
008 250721s2002 xx 000 0 ara d
082 1 4 _a615/فاخ
100 1 _aالفاخوري، ميسون
245 1 0 _aتطبيقات عملية في علم الصيدلانيات /
264 1 _aعمان :
_bدار الماهج،
_c2002.
300 _a146ص
650 1 7 _aعلم الصيدلة
650 1 7 _aالصيدلانية
650 1 7 _aوصف العقاقير
942 _2ddc
_cBK
999 _c27026
_d27026